• 首页
  • 本馆介绍
  • 公告通知
  • 最新文献
  • 馆藏检索
  • 电子资源
  • 读者导购
  • 参考咨询
  • 我的图书馆
  • 登录
  • 详细信息显示
  • 放入我的书架
  • 预约/预借图书
  • 作者相关作品
  • 分类相关作品
  • 丛书相关作品
  • 出版社相关作品

书目信息

  • 表格格式
  • 工作单格式
  • 卡片格式
题名:
网络产业:规制与竞争理论
    
 
作者: 张昕竹 , 让·拉丰 , 安·易斯塔什 著
分册:  
出版信息: 北京   社会科学文献出版社  2000.10
页数: 335页
开本: 20cm
丛书名: 规制与竞争研究丛书
单 册:
中图分类: F062.5
科图分类:
主题词: 经济学--分支科学 , 网络经济--研究
电子资源:
ISBN: 7-80149-391-5
000 00940nam0 2200265 45
001 0211050907
005 20031219104059.9
010    @a7-80149-391-5@dCNY21.00
100    @a20021105d2000 km y0chiy0120 ea
101 0  @achi
105    @a z 000yy
200 1  @a网络产业:规制与竞争理论@AWang Luo Chan Ye:Gui Zhi Yu Jing Zheng Li Lun@f张昕竹,让·拉丰,安·易斯塔什著@FZhang Xin Zhu,Rang·La Feng,An·Yi Si Ta Shen Zhu
210    @a北京@c社会科学文献出版社@d2000.10
215    @a335页@d20cm
225    @a规制与竞争研究丛书@f张昕竹,安东尼奥·易斯塔什主编
410    @12001 @a规制与竞争研究丛书
410    @1700 0@a安东尼奥·易斯塔什@AAn Dong Ni Ao·Yi Si Ta Shen@4主编@a张昕竹@AZhang Xin Zhu@4主编
606 0  @a经济学@x分支科学
606 0  @a网络经济@x研究
690    @aF062.5@v4
701  0 @a张昕竹@4著
701  0 @a让·拉丰@4著
701  0 @a安·易斯塔什@4著
801    @aCN@bTSTC@c20021107
905    @b316845-847@dF062.5@e25@f3
    
    网络产业:规制与竞争理论/张昕竹,让·拉丰,安·易斯塔什著.-北京:社会科学文献出版社,2000.10
    335页;20cm.-(规制与竞争研究丛书/张昕竹,安东尼奥·易斯塔什主编)
    
    
    ISBN 7-80149-391-5:CNY21.00
    
●
相关链接 在E读中查询图书 在五车中查询图书 在当当中查询图书 在豆瓣中查询图书


正题名:网络产业:规制与竞争理论     索取号:F062.5/25         预约/预借

序号 登录号 条形码 馆藏地/架位号 状态 备注
1 0316845   203168455   第一借阅区/ [索取号:F062.5/25] 在馆    
2 0316846   203168464   第一借阅区/ [索取号:F062.5/25] 在馆    
3 0316847   203168473   第一样本阅览室/ [索取号:F062.5/25] 在馆    
唐山师范学院图书馆 欢迎您!
大连网信软件有限公司© 版权所有